Supplement to the Geographical Journal: Recent Geographical Literature, Maps, and Photographs Added to the Society's Collections

Opis bibliograficzny
Format: Elektroniczne Czasopismo
Język:English
Wydane: Wiley
Hasła przedmiotowe:
Dostęp online:Full text available on JSTOR[1918-06-01 - 1935-08-01]
Off-campus access
LEADER 01060cas a2200217 a 4500
001 AALejournalJSTOR002829
008 230228c9999 xx r poo 0 0eng d
022 |a 0952-2336 
022 |a 2051-1884 
040 |a BD-DhAAL  |c BD-DhAAL 
245 0 0 |h [electronic resource]  |a Supplement to the Geographical Journal: Recent Geographical Literature, Maps, and Photographs Added to the Society's Collections 
260 |b Wiley 
300 |a 1 online resource 
362 0 |a Vol. 1,  |a no. 1 
500 |a <strong>Off-Campus Access:</strong> Athens ID and Password Required 
500 |a <strong>On-Campus Access:</strong> No User ID or Password Required 
506 |a Electronic access restricted to authorized BRAC University faculty, staff and students 
538 |a Mode of access: Internet 
650 4 |a Geography ; Social Sciences 
856 4 0 |z Full text available on JSTOR[1918-06-01 - 1935-08-01]  |u https://www.jstor.org/journal/suppgeogj 
856 4 0 |z Off-campus access  |u https://go.openathens.net/redirector/bracu.ac.bd?url=https%3A%2F%2Fwww.jstor.org%2Fjournal%2Fsuppgeogj